Productive use of extension skill management: A labour-friendly and energy efficient new design drier for processing of sheet rubber (Record no. 51465)

MARC details
000 -LEADER
fixed length control field 00569nam a2200145Ia 4500
100 ## - MAIN ENTRY--AUTHOR NAME
Personal name Mathew Joseph C
245 #0 - TITLE STATEMENT
Title Productive use of extension skill management: A labour-friendly and energy efficient new design drier for processing of sheet rubber
260 ## - PUBLICATION, DISTRIBUTION, ETC. (IMPRINT)
Name of publisher PLACROSYM XXI. International Symposium on Plantation Crops, 10-12 December 2014, Kozhikode, India, pp. 155-156. Abstracts.182-183.
650 ## - SUBJECT ADDED ENTRY--TOPICAL TERM
Topical Term Drier
650 ## - SUBJECT ADDED ENTRY--TOPICAL TERM
Topical Term Sheet rubber processing
700 ## - ADDED ENTRY--PERSONAL NAME
Personal name Rajeevan B
700 ## - ADDED ENTRY--PERSONAL NAME
Personal name Thomas J
942 ## - ADDED ENTRY ELEMENTS (KOHA)
Koha item type Bibliography STAF
Holdings
Withdrawn status Lost status Damaged status Not for loan Home library Current library Shelving location Date acquired Koha item type
      Bibliography RRII Library RRII Library Rubber technology 07/05/2015 Bibliography STAF